000
00171nam a2200073Ia 4500
008
170620s9999 xx 000 0 und d
100
_a
GUPTA A.K
245
0
_a
BUSINESS STATISTICS
260
_b
VAYU N. DELHI
999
_c
30110
_d
30110